Psychiatric-mental health nursing / (Record no. 18494)
[ view plain ]
| 000 -LEADER | |
|---|---|
| fixed length control field | 01265cam a22003495a 4500 |
| 001 - CONTROL NUMBER | |
| control field | 016542628 |
| 003 - CONTROL NUMBER IDENTIFIER | |
| control field | OSt |
| 005 - DATE AND TIME OF LATEST TRANSACTION | |
| control field | 20201128021112.0 |
| 008 - FIXED-LENGTH DATA ELEMENTS--GENERAL INFORMATION | |
| fixed length control field | 131106t2014 paua frbd 001 0 eng d |
| 020 ## - INTERNATIONAL STANDARD BOOK NUMBER | |
| International Standard Book Number | 9781451188998 (pbk.) |
| 020 ## - INTERNATIONAL STANDARD BOOK NUMBER | |
| International Standard Book Number | 1451188994 |
| 040 ## - CATALOGING SOURCE | |
| Original cataloging agency | StDuBDS |
| Language of cataloging | eng |
| Transcribing agency | StDuBDS |
| Modifying agency | EG-ScBUE |
| 082 04 - DEWEY DECIMAL CLASSIFICATION NUMBER | |
| Classification number | 616.890231 |
| Edition number | 22 |
| Item number | VID |
| 100 1# - MAIN ENTRY--PERSONAL NAME | |
| Personal name | Videbeck, Sheila L. |
| 9 (RLIN) | 36314 |
| 240 10 - UNIFORM TITLE | |
| Uniform title | <a href="Mental health nursing">Mental health nursing</a> |
| 245 10 - TITLE STATEMENT | |
| Title | Psychiatric-mental health nursing / |
| Statement of responsibility, etc | Sheila L. Videbeck ; illustrations by Cathy J. Miller. |
| 246 3# - VARYING FORM OF TITLE | |
| Title proper/short title | Psychiatric mental health nursing |
| 250 ## - EDITION STATEMENT | |
| Edition statement | 6th ed., International ed. |
| 260 ## - PUBLICATION, DISTRIBUTION, ETC. (IMPRINT) | |
| Place of publication, distribution, etc | Philadelphia : |
| Name of publisher, distributor, etc | Wolters Kluwer Health / Lippincott Williams & Wilkins, |
| Date of publication, distribution, etc | c.2014. |
| 300 ## - PHYSICAL DESCRIPTION | |
| Extent | xv, 541 p. : |
| Other physical details | ill. (col.) ; |
| Dimensions | 28 cm. |
| 500 ## - GENERAL NOTE | |
| General note | Previous edition : published as Mental health nursing. 2009. |
| 500 ## - GENERAL NOTE | |
| General note | Includes appendixes. |
| 500 ## - GENERAL NOTE | |
| General note | Glossary : p. 510-520. |
| 500 ## - GENERAL NOTE | |
| General note | Index : p. 521-541. |
| 504 ## - BIBLIOGRAPHY, ETC. NOTE | |
| Bibliography, etc | Includes bibliographical references. |
| 650 #7 - SUBJECT ADDED ENTRY--TOPICAL TERM | |
| Topical term or geographic name as entry element | Psychiatric nursing. |
| 9 (RLIN) | 36309 |
| Source of heading or term | BUEsh |
| 650 #7 - SUBJECT ADDED ENTRY--TOPICAL TERM | |
| Topical term or geographic name as entry element | Nursing. |
| 9 (RLIN) | 2162 |
| Source of heading or term | BUEsh |
| 651 ## - SUBJECT ADDED ENTRY--GEOGRAPHIC NAME | |
| Source of heading or term | BUEsh |
| 653 ## - INDEX TERM--UNCONTROLLED | |
| Resource For college | Nursing |
| Arrived date list | October2014 |
| -- | April2015 |
| -- | November2015 |
| 700 1# - ADDED ENTRY--PERSONAL NAME | |
| Personal name | Miller, C. J. |
| 9 (RLIN) | 36315 |
| Fuller form of name | (Cathy J.), |
| Relator term | illustrator. |
| 942 ## - ADDED ENTRY ELEMENTS (KOHA) | |
| Source of classification or shelving scheme | Dewey Decimal Classification |
| Call number prefix | 616.890231 VID |
| Withdrawn status | Item status | Source of classification or shelving scheme | Materials specified (bound volume or other part) | Damaged status | Not for loan | Vendor | Home library | Current library | Shelving location | Date acquired | Source of acquisition | Cost, normal purchase price | Serial Enumeration / chronology | Total Checkouts | Total Renewals | Full call number | Barcode | Date last seen | Date last borrowed | Cost, replacement price | Koha item type |
|---|---|---|---|---|---|---|---|---|---|---|---|---|---|---|---|---|---|---|---|---|---|
| Lost | Dewey Decimal Classification | Lost In Inventory 15-7-2025 | Baccah | Central Library | Central Library | First floor | 23/10/2014 | 370.00 | 20526 | 11 | 134 | 616.890231 VID | 000036777 | 28/08/2024 | 27/02/2023 | 462.50 | Book - Borrowing | ||||
| Dewey Decimal Classification | Baccah | Central Library | Central Library | First floor | 14/04/2015 | 370.00 | 21925 | 6 | 45 | 616.890231 VID | 000037990 | 15/07/2025 | 11/02/2020 | 462.50 | Book - Borrowing | ||||||
| Dewey Decimal Classification | Baccah | Central Library | Central Library | First floor | 14/04/2015 | 370.00 | 21925 | 3 | 30 | 616.890231 VID | 000037991 | 15/07/2025 | 15/09/2019 | 462.50 | Book - Borrowing | ||||||
| Dewey Decimal Classification | Baccah | Central Library | Central Library | First floor | 18/08/2015 | Purchase | 493.00 | 21764 | 7 | 90 | 616.890231 VID | 000030819 | 15/07/2025 | 15/07/2021 | 616.00 | Book - Borrowing |